Statistics for Sharjah FC Squad 2023-2024

Click here to take the quiz!

General Stats

  • This quiz has been taken 3 times
  • The average score is 14 of 30

Answer Stats

#PositionNationPlayer% Correct
10MFBosnia and HerzegovinaMiralem Pjanić
100%
7MFBrazilCaio Lucas
67%
-CoachRomaniaCosmin Olăroiu
67%
11MFTunisiaFiras Ben Larbi
67%
44DFGreeceKōnstantinos Manōlas
67%
27MFUAELuan Pereira
67%
99FWSenegalMakhete Diop
67%
22DFBrazilMarcus Meloni
67%
5DFCroatiaMaro Katinić
67%
91FWMaliMoussa Marega
67%
30FWGuineaOusmane Camara
67%
15DFUAEAbdelaziz Salim Ali
33%
92FWUAEAbdelrahman Murad
33%
18DFUAEAbdulla Ghanim Juma
33%
40GKUAEAdel Al-Hosani
33%
3DFUAEAlhusain Saleh
33%
33DFUAEHamad Fahad
33%
19DFUAEKhaled Ebraheim
33%
14FWUAEKhalid Bawazir
33%
88MFUAEMajed Hassan
33%
24MFUAEMajid Rashid
33%
6DFUAEMajid Suroor
33%
49GKUAEMayed Muhsin
33%
26GKUAEMohamed Bin Habib
33%
8MFUAEMohammad Abdulbasit
33%
25MFUAESaeed Al Kaabi
33%
13DFUAESaleem Sultan
33%
23FWUAESalem Saleh
33%
12FWUAESebastián Tagliabúe
33%
4DFUAEShahin Abdulrahman
33%

Score Distribution

Percentile by Number Answered

Percent of People with Each Score

Your Score History

You have not taken this quiz